Nominations of Matthew Nimetz [and Other Ambassadors and Foreign Affairs Officials]. Other Committee Business.

Bibliographic Details
Format: eBook
Language:English
Published: [Washington : U.S. G.P.O.], 1980.
Subjects:
Online Access:Electronic resource (PDF)

MARC

Tag First Indicator Second Indicator Subfields
LEADER 00000cam a22000001i 4500
001 in00004134313
005 20200117091004.0
006 m d f
007 cr bn mmmapmmp
008 091109s1980 dcu o f000 0 eng d
035 |a cis2007529086 
040 |a UMI  |b eng  |e rda  |c UMI  |d UtOrBLW 
043 |a nces--- 
110 1 |a United States.  |b Congress.  |b Senate.  |b Committee on Foreign Relations,  |e issuing body.  |0 http://id.loc.gov/authorities/names/n78008230 
245 1 0 |a Nominations of Matthew Nimetz [and Other Ambassadors and Foreign Affairs Officials]. Other Committee Business. 
264 1 |a [Washington :  |b U.S. G.P.O.],  |c 1980. 
300 |a 61 pages, digital, PDF file. 
336 |a text  |2 rdacontent  |b txt 
337 |a computer  |b c  |2 rdamedia 
338 |a online resource  |2 rdacarrier  |b cr 
500 |a Record is based on bibliographic data in ProQuest Congressional Hearings Digital Collection (last viewed July 2018) Reuse except for individual research requires license from ProQuest, LLC. 
538 |a System requirements: PDF reader software. 
500 |a Electronic resource. 
610 1 0 |a United States.  |b Department of State.  |0 http://id.loc.gov/authorities/names/n80126198 
650 0 |a Diplomatic and consular service.  |0 http://id.loc.gov/authorities/subjects/sh85038182 
651 0 |a El Salvador.  |0 http://id.loc.gov/authorities/names/n79066409 
730 0 |a ProQuest U.S. Congressional Hearings Digital Collection. 
776 0 8 |a United States. Congress. Senate. Committee on Foreign Relations  |t Nominations of Matthew Nimetz [and Other Ambassadors and Foreign Affairs Officials]. Other Committee Business  |o 96 SFo-T.85 
856 4 0 |u http://proxy.library.tamu.edu/login?url=http://congressional.proquest.com/congcomp/getdoc?HEARING-ID=HRG-1980-FOR-0079  |y Electronic resource (PDF)  |t 0 
999 f f |s c963a4fb-35cf-3526-afa3-bf354cd26505  |i 8d8e28a3-47f3-3346-b9e9-b211eb156f61  |t 0 
952 f f |a Texas A&M University  |b College Station  |c Electronic Resources  |d Available Online  |t 0  |h No information provided 
998 f f |t 0  |l Available Online